[Event "Deutsche Ländermeisterschaft 2003"]
[Site "Kassel GER"]
[Date "2003.10.20"]
[Round "3"]
[White "Klassen, Olga"]
[Black "Dünzel, Jonas"]
[Result "1-0"]
[Termination "normal"]
[Board "3.7"]
[WhiteElo "1563"]
[BlackElo "1180"]
[WhiteTeam "Rheinland-Pfalz"]
[BlackTeam "Sachsen"]
[PlyCount "116"]
[BlackFideId "24631167"]
[EventCountry "GER"]
[EventRounds "7"]
[EventType "team-swiss"]
[EventDate "2003.10.18"]

1. c4 c5 2. Nc3 d6 3. g3 Nc6 4. Bg2 Bd7 5. e4 Nf6 6. Nge2 Ne5 7. d3 Bc6 8. O-O
e6 9. a3 a5 10. f4 Ng6 11. h3 Be7 12. f5 exf5 13. Rxf5 Ne5 14. Rf2 O-O 15. Nf4
Qb6 16. Rb1 Rac8 17. Be3 Qc7 18. Qe2 b6 19. b4 axb4 20. axb4 Ra8 21. Rff1 Ra3
22. Qb2 Qa7 23. b5 Bb7 24. Ra1 Ra8 25. Rxa3 Qxa3 26. Rb1 h6 27. Bf1 g5 28. Ng2
Nh5 29. Kh2 Bf6 30. Bd2 Qxb2 31. Rxb2 Ra3 32. Ra2 Rxa2 33. Nxa2 Kh7 34. Ne3 Ng6
35. Nf5 Be7 36. Nxe7 Nxe7 37. Be2 Ng7 38. g4 Ne6 39. Be3 Ng6 40. Nc3 Nef4 41.
Bf1 Ne6 42. Nd1 Ne5 43. Nb2 Kg6 44. Na4 Nd7 45. Nc3 Ne5 46. Kg3 f6 47. Nd1 Bc8
48. Nf2 Nf7 49. Nh1 Nfd8 50. Kf2 Nb7 51. Ng3 Ng7 52. Nf5 Bxf5 53. exf5+ Kf7 54.
Bg2 Na5 55. Ke2 h5 56. Bg1 Ke7 57. Ke3 hxg4 58. hxg4 Ne8 {Rest unleserlich!}
1-0

[Event "Deutsche Ländermeisterschaft 2003"]
[Site "Kassel GER"]
[Date "2003.10.20"]
[Round "3"]
[White "Demmler, Julia"]
[Black "Becher, Anne"]
[Result "0-1"]
[Termination "normal"]
[Board "3.8"]
[WhiteElo "1156"]
[BlackElo "1355"]
[WhiteTeam "Sachsen"]
[BlackTeam "Rheinland-Pfalz"]
[PlyCount "80"]
[EventCountry "GER"]
[EventRounds "7"]
[EventType "team-swiss"]
[EventDate "2003.10.18"]

1. e4 c5 2. Nf3 Nc6 3. d4 d6 4. Be3 Qb6 5. b3 g6 6. c3 cxd4 7. cxd4 Qc7 8. Nc3
Bg7 9. Rc1 Qd8 10. Be2 Bd7 11. O-O Rc8 12. Qd2 e6 13. Rc2 Nge7 14. Rfc1 d5 15.
e5 O-O 16. Na4 a6 17. Nc5 Rc7 18. a4 a5 19. Nd3 b6 20. b4 axb4 21. Nxb4 Qa8 22.
Bb5 Rfc8 23. Bg5 Nf5 24. h3 h6 25. Bf4 Bf8 26. Nxc6 Bxc6 27. Qd3 Ne7 28. Bd2
Qa7 29. Bb4 Bxb5 30. axb5 Rxc2 31. Rxc2 Rxc2 32. Qxc2 Qa1+ 33. Be1 Nf5 34. g3
Nxd4 35. Kg2 Nxc2 36. Bd2 Nd4 37. Nxd4 Qxd4 38. Be3 Qe4+ 39. Kf1 Qd3+ 40. Kg2
Qxb5 0-1

[Event "Deutsche Ländermeisterschaft 2003"]
[Site "Kassel GER"]
[Date "2003.10.20"]
[Round "3"]
[White "Krämer, Martin"]
[Black "Nazarenus, Moritz"]
[Result "1/2-1/2"]
[Termination "normal"]
[Board "4.1"]
[WhiteElo "2213"]
[BlackElo "2111"]
[WhiteTeam "Thüringen"]
[BlackTeam "Hessen 2"]
[PlyCount "64"]
[WhiteFideId "4671910"]
[BlackFideId "4670540"]
[EventCountry "GER"]
[EventRounds "7"]
[EventType "team-swiss"]
[EventDate "2003.10.18"]

1. e4 c6 2. d4 d5 3. exd5 cxd5 4. c4 Nf6 5. Nc3 Nc6 6. Nf3 Bg4 7. cxd5 Nxd5 8.
Qb3 Bxf3 9. gxf3 e6 10. Qxb7 Nxd4 11. Bb5+ Nxb5 12. Qc6+ Ke7 13. Qxb5 Qd7 14.
Nxd5+ Qxd5 15. Bg5+ f6 16. Qxd5 exd5 17. Be3 Ke6 18. O-O-O Bb4 19. Kb1 Rac8 20.
Rd3 Rc7 21. a3 Ba5 22. Rhd1 Rd8 23. Rb3 Rdd7 24. Ka2 Rb7 25. Rbd3 Bc7 26. h3
Be5 27. R1d2 g5 28. Re2 Kf5 29. Rc2 d4 30. Bd2 Rdc7 31. Rxc7 Rxc7 32. b4 Ke6
1/2-1/2

[Event "Deutsche Ländermeisterschaft 2003"]
[Site "Kassel GER"]
[Date "2003.10.20"]
[Round "3"]
[White "Kuhn, Ulf"]
[Black "Holzschuh, Stephan"]
[Result "0-1"]
[Termination "normal"]
[Board "4.2"]
[WhiteElo "2013"]
[BlackElo "2138"]
[WhiteTeam "Hessen 2"]
[BlackTeam "Thüringen"]
[PlyCount "52"]
[WhiteFideId "4693604"]
[BlackFideId "4677471"]
[EventCountry "GER"]
[EventRounds "7"]
[EventType "team-swiss"]
[EventDate "2003.10.18"]

1. f4 d5 2. Nf3 c5 3. g3 Nc6 4. Bg2 g6 5. O-O Bg7 6. d3 e6 7. Qe1 Nge7 8. c3
O-O 9. Na3 d4 10. Bd2 Rb8 11. g4 f5 12. h3 e5 13. fxe5 fxg4 14. hxg4 Bxg4 15.
e6 Bxe6 16. Ng5 Rxf1+ 17. Kxf1 Bd5 18. Qh4 Bxg2+ 19. Kxg2 Qd5+ 20. Kg1 h6 21.
Ne4 Rf8 22. c4 Qe6 23. Qh2 b6 24. Bxh6 Bxh6 25. Qxh6 Qg4+ 26. Kh1 Rf5 0-1

[Event "Deutsche Ländermeisterschaft 2003"]
[Site "Kassel GER"]
[Date "2003.10.20"]
[Round "3"]
[White "Lange, Corinna"]
[Black "Elstner, Eik"]
[Result "0-1"]
[Termination "normal"]
[Board "4.3"]
[WhiteElo "2142"]
[BlackElo "2078"]
[WhiteTeam "Thüringen"]
[BlackTeam "Hessen 2"]
[PlyCount "36"]
[BlackFideId "24605581"]
[EventCountry "GER"]
[EventRounds "7"]
[EventType "team-swiss"]
[EventDate "2003.10.18"]

1. e4 e5 2. Nf3 Nc6 3. d4 exd4 4. Bc4 Nf6 5. O-O Nxe4 6. Re1 d5 7. Bxd5 Qxd5 8.
Nc3 Qh5 9. Nxe4 Be6 10. Neg5 O-O-O 11. Nxe6 fxe6 12. Rxe6 Bd6 13. Qe1 Rhf8 14.
h3 Rxf3 15. gxf3 Qxh3 16. f4 g5 17. fxg5 Bh2+ 18. Kh1 Be5+ 0-1

[Event "Deutsche Ländermeisterschaft 2003"]
[Site "Kassel GER"]
[Date "2003.10.20"]
[Round "3"]
[White "Rogalski, Yuriy"]
[Black "Siebarth, Raiko"]
[Result "1-0"]
[Termination "normal"]
[Board "4.4"]
[WhiteElo "1776"]
[BlackElo "2117"]
[WhiteTeam "Hessen 2"]
[BlackTeam "Thüringen"]
[PlyCount "43"]
[WhiteFideId "24605352"]
[BlackFideId "4674766"]
[EventCountry "GER"]
[EventRounds "7"]
[EventType "team-swiss"]
[EventDate "2003.10.18"]

1. c4 Nf6 2. Nc3 g6 3. e4 d6 4. g3 Bg7 5. Bg2 O-O 6. Nge2 e5 7. O-O c6 8. d4
exd4 9. Nxd4 Nbd7 10. Nb3 Ne5 11. Qe2 Be6 12. Nd2 Qb6 13. h3 Qd4 14. Rd1 Rad8
15. Bf1 Bh6 16. Nb3 Qxc4 17. Bxh6 Rfe8 18. Bg5 Qxe2 19. Bxe2 Kg7 20. Kg2 Bc4
21. f4 Bxe2 22. fxe5 1-0

[Event "Deutsche Ländermeisterschaft 2003"]
[Site "Kassel GER"]
[Date "2003.10.20"]
[Round "3"]
[White "Becker, Natalie"]
[Black "Forchmann, Anneliese"]
[Result "0-1"]
[Termination "normal"]
[Board "4.6"]
[WhiteElo "1514"]
[BlackElo "1627"]
[WhiteTeam "Hessen 2"]
[BlackTeam "Thüringen"]
[PlyCount "72"]
[EventCountry "GER"]
[EventRounds "7"]
[EventType "team-swiss"]
[EventDate "2003.10.18"]

1. c4 Nf6 2. Nc3 g6 3. g3 Bg7 4. Bg2 d6 5. d3 O-O 6. e3 Nbd7 7. Nge2 c6 8. O-O
Ne8 9. Rb1 f5 10. f4 e5 11. b4 Ndf6 12. b5 Bd7 13. a4 Nc7 14. Ba3 Ng4 15. Qd2
Rf6 16. h3 Nh6 17. Kh2 Kh8 18. Rb3 Qe8 19. Rfb1 b6 20. Na2 Rd8 21. Nb4 cxb5 22.
axb5 Re6 23. Bc1 e4 24. d4 Re7 25. d5 g5 26. Bb2 Qg6 27. Bh1 Ne8 28. Qe1 Nf6
29. Ra3 Be8 30. Nc2 Rc7 31. Ncd4 Rxc4 32. Rxa7 Nhg4+ 33. hxg4 Nxg4+ 34. Kg2
Nxe3+ 35. Kf2 Nxd5 36. Qd2 e3+ 0-1

[Event "Deutsche Ländermeisterschaft 2003"]
[Site "Kassel GER"]
[Date "2003.10.20"]
[Round "3"]
[White "Friedt, Edmund"]
[Black "Kuhn, Alena"]
[Result "1-0"]
[Termination "normal"]
[Board "4.7"]
[WhiteElo "1303"]
[BlackElo "1522"]
[WhiteTeam "Thüringen"]
[BlackTeam "Hessen 2"]
[PlyCount "53"]
[WhiteFideId "24629545"]
[EventCountry "GER"]
[EventRounds "7"]
[EventType "team-swiss"]
[EventDate "2003.10.18"]

1. e4 e6 2. d4 d5 3. exd5 exd5 4. Nc3 Bf5 5. Nf3 c6 6. Bd3 Bxd3 7. Qxd3 Bd6 8.
Bg5 Qc7 9. O-O-O Ne7 10. Rde1 O-O 11. h4 h6 12. Be3 Nd7 13. g4 Bf4 14. h5 b5
15. g5 Bxe3+ 16. Rxe3 Qf4 17. Kb1 Nf5 18. Ne2 Qg4 19. Rg1 Nxe3 20. Rxg4 Nxg4
21. Qf5 Rfe8 22. Qxd7 Rxe2 23. Qxg4 Rxf2 24. a3 hxg5 25. Nxg5 Rh2 26. Nxf7 Rh1+
27. Ka2 1-0

[Event "Deutsche Ländermeisterschaft 2003"]
[Site "Kassel GER"]
[Date "2003.10.20"]
[Round "3"]
[White "Zuyev, Lisa"]
[Black "Eckoldt, Katja"]
[Result "1/2-1/2"]
[Termination "normal"]
[Board "4.8"]
[WhiteElo "1160"]
[BlackElo "1206"]
[WhiteTeam "Hessen 2"]
[BlackTeam "Thüringen"]
[PlyCount "36"]
[EventCountry "GER"]
[EventRounds "7"]
[EventType "team-swiss"]
[EventDate "2003.10.18"]

1. e4 c5 2. c3 d6 3. d4 cxd4 4. cxd4 Nf6 5. Nc3 e6 6. Nf3 Be7 7. Bc4 O-O 8. O-O
b6 9. Bf4 Bb7 10. Re1 d5 11. Bb3 dxe4 12. Ng5 Qd7 13. Ngxe4 Re8 14. Qd2 Na6 15.
Rad1 Nxe4 16. Nxe4 Bb4 17. Nc3 Rad8 18. Qe3 Bxc3 1/2-1/2

[Event "Deutsche Ländermeisterschaft 2003"]
[Site "Kassel GER"]
[Date "2003.10.20"]
[Round "3"]
[White "Zimmermann, Hendrik"]
[Black "Zimmermann, Julian"]
[Result "0-1"]
[Termination "normal"]
[Board "5.1"]
[WhiteElo "2115"]
[BlackElo "2212"]
[WhiteTeam "Hessen 3"]
[BlackTeam "Hamburg"]
[PlyCount "48"]
[WhiteFideId "4686225"]
[EventCountry "GER"]
[EventRounds "7"]
[EventType "team-swiss"]
[EventDate "2003.10.18"]

1. d4 Nf6 2. c4 c5 3. d5 e6 4. Nc3 exd5 5. cxd5 d6 6. e4 g6 7. f4 Bg7 8. Nf3
O-O 9. Be2 Bg4 10. O-O Nbd7 11. Re1 Re8 12. h3 Bxf3 13. Bxf3 a6 14. Be3 Rc8 15.
Qd2 b5 16. Bf2 b4 17. Nd1 Nb6 18. a3 bxa3 19. e5 dxe5 20. fxe5 axb2 21. Qxb2
Nfxd5 22. Bxd5 Nxd5 23. Rxa6 Nb4 24. Rd6 Qxd6 0-1

[Event "Deutsche Ländermeisterschaft 2003"]
[Site "Kassel GER"]
[Date "2003.10.20"]
[Round "3"]
[White "Buchheister, Benjamin"]
[Black "Dec, Paul"]
[Result "1/2-1/2"]
[Termination "normal"]
[Board "5.2"]
[WhiteElo "1881"]
[BlackElo "2071"]
[WhiteTeam "Hamburg"]
[BlackTeam "Hessen 3"]
[PlyCount "62"]
[WhiteFideId "24601934"]
[BlackFideId "4676858"]
[EventCountry "GER"]
[EventRounds "7"]
[EventType "team-swiss"]
[EventDate "2003.10.18"]

1. d4 d6 2. e4 Nf6 3. Nc3 g6 4. Nf3 Bg7 5. Bc4 c6 6. Qe2 O-O 7. Bg5 Bg4 8. O-O
Qa5 9. Bd2 Qh5 10. e5 dxe5 11. dxe5 Bxf3 12. gxf3 Nd5 13. f4 Qxe2 14. Bxe2 Bh6
15. Nxd5 cxd5 16. e6 Nc6 17. Rad1 Nd4 18. exf7+ Rxf7 19. Bg4 Bxf4 20. c3 h5 21.
Bxh5 gxh5 22. cxd4 Bxd2 23. Rxd2 Rg7+ 24. Kh1 Rc8 25. Rg1 Rxg1+ 26. Kxg1 Kf7
27. Kg2 Kf6 28. Kf3 Rc4 29. Ke3 e5 30. dxe5+ Kxe5 31. f4+ Ke6 1/2-1/2

[Event "Deutsche Ländermeisterschaft 2003"]
[Site "Kassel GER"]
[Date "2003.10.20"]
[Round "3"]
[White "Rubel, Julian"]
[Black "Zollondz, Mark"]
[Result "1-0"]
[Termination "normal"]
[Board "5.3"]
[WhiteElo "2136"]
[BlackElo "1968"]
[WhiteTeam "Hessen 3"]
[BlackTeam "Hamburg"]
[PlyCount "81"]
[WhiteFideId "24605980"]
[EventCountry "GER"]
[EventRounds "7"]
[EventType "team-swiss"]
[EventDate "2003.10.18"]

1. d4 Nf6 2. c4 g6 3. Nc3 d5 4. cxd5 Nxd5 5. e4 Nxc3 6. bxc3 c5 7. Nf3 Bg7 8.
Rb1 O-O 9. Be2 Nc6 10. d5 Ne5 11. Nxe5 Bxe5 12. Qd2 Qa5 13. Rb3 Bd7 14. O-O b5
15. Ba3 Rfc8 16. Kh1 Qb6 17. f4 Bg7 18. c4 b4 19. Bb2 Bxb2 20. Qxb2 a5 21. g4
Ra6 22. f5 Qf6 23. e5 Qh4 24. fxg6 Rxg6 25. Rg3 h5 26. g5 Qe4+ 27. Kg1 h4 28.
Bd3 Qd4+ 29. Qxd4 cxd4 30. Bxg6 hxg3 31. Bxf7+ Kg7 32. e6 gxh2+ 33. Kxh2 Ba4
34. Kg1 Rxc4 35. Bh5 d3 36. Rf7+ Kg8 37. Rxe7 d2 38. d6 Rc1+ 39. Kf2 Rc2 40.
Bd1 Rxa2 41. d7 1-0

[Event "Deutsche Ländermeisterschaft 2003"]
[Site "Kassel GER"]
[Date "2003.10.20"]
[Round "3"]
[White "Schmidt, Armin"]
[Black "Knickel, Aaron"]
[Result "1-0"]
[Termination "normal"]
[Board "5.4"]
[WhiteElo "1803"]
[BlackElo "1765"]
[WhiteTeam "Hamburg"]
[BlackTeam "Hessen 3"]
[PlyCount "97"]
[WhiteFideId "24610160"]
[BlackFideId "24605298"]
[EventCountry "GER"]
[EventRounds "7"]
[EventType "team-swiss"]
[EventDate "2003.10.18"]

1. e4 c5 2. Nc3 Nc6 3. f4 g6 4. Nf3 Bg7 5. Bc4 e6 6. f5 Nge7 7. fxe6 fxe6 8. d3
d5 9. exd5 exd5 10. Bb3 O-O 11. O-O a6 12. a4 Rb8 13. Bg5 Bf6 14. Bxf6 Rxf6 15.
Ne4 Rf8 16. Nxc5 Kg7 17. Ng5 Qd6 18. Rxf8 Kxf8 19. Qf3+ Bf5 20. Nce6+ Ke8 21.
Ng7+ Kd7 22. Nxf5 gxf5 23. Qe3 Rg8 24. Nh3 Ng6 25. Rf1 Nce7 26. Nf4 Nxf4 27.
Qxf4 Qg6 28. Rf2 Qe6 29. Qf3 Qd6 30. Re2 Rg6 31. c4 Rh6 32. h3 Rg6 33. Qe3 Rg3
34. Qd2 f4 35. Rf2 Ng6 36. Kh1 Qb6 37. Bd1 Qd4 38. Bg4+ Ke8 39. Bf3 Ne5 40.
Bxd5 Ng6 41. Re2+ Re3 42. Bxb7 Kd7 43. Bxa6 Rxd3 44. Bb5+ Kc8 45. Re8+ Kb7 46.
Qb4 Rd1+ 47. Re1 Rxe1+ 48. Qxe1 Ne5 49. Qe2 1-0

[Event "Deutsche Ländermeisterschaft 2003"]
[Site "Kassel GER"]
[Date "2003.10.20"]
[Round "3"]
[White "Schäfer, Paul"]
[Black "Rohlfs, Ricarda"]
[Result "0-1"]
[Termination "normal"]
[Board "5.5"]
[WhiteElo "1382"]
[BlackElo "1671"]
[WhiteTeam "Hessen 3"]
[BlackTeam "Hamburg"]
[PlyCount "52"]
[WhiteFideId "24605360"]
[EventCountry "GER"]
[EventRounds "7"]
[EventType "team-swiss"]
[EventDate "2003.10.18"]

1. e4 c5 2. Nf3 Nc6 3. d4 cxd4 4. Nxd4 e6 5. Nc3 a6 6. Bc4 b5 7. Bb3 Qc7 8. Be3
Nf6 9. O-O b4 10. Na4 Nxe4 11. Nxc6 Qxc6 12. Nb6 Rb8 13. Nxc8 Qxc8 14. f3 Nf6
15. Kh1 h5 16. Bf4 Rb6 17. Qe2 Bc5 18. Be5 h4 19. Ba4 Nh5 20. h3 Ke7 21. Rfd1
d6 22. Bh2 e5 23. Qd2 f6 24. Bb3 Ng3+ 25. Bxg3 hxg3 26. Qd3 Rxh3+ 0-1

[Event "Deutsche Ländermeisterschaft 2003"]
[Site "Kassel GER"]
[Date "2003.10.20"]
[Round "3"]
[White "Chin, Karin"]
[Black "Popovic, Nathalie"]
[Result "1-0"]
[Termination "normal"]
[Board "5.6"]
[WhiteElo "1762"]
[BlackElo "1409"]
[WhiteTeam "Hamburg"]
[BlackTeam "Hessen 3"]
[PlyCount "55"]
[WhiteFideId "24608157"]
[BlackFideId "24630292"]
[EventCountry "GER"]
[EventRounds "7"]
[EventType "team-swiss"]
[EventDate "2003.10.18"]

1. e4 e6 2. d4 d5 3. Nc3 Bb4 4. Nge2 Ne7 5. a3 Bxc3+ 6. Nxc3 b6 7. Bd3 c5 8.
Bf4 Bd7 9. O-O O-O 10. Qf3 Bc6 11. exd5 exd5 12. Qh5 Ng6 13. Rae1 Nd7 14. Bg5
Nf6 15. Qh3 Qd6 16. f4 Rae8 17. Rxe8 Rxe8 18. f5 Ne7 19. Bf4 Qd8 20. Be5 Nc8
21. Nd1 Nd6 22. Ne3 c4 23. Be2 Nde4 24. Qh4 Nd7 25. f6 Ndxf6 26. Nf5 Re6 27. g4
Nd7 28. Qxd8+ 1-0

[Event "Deutsche Ländermeisterschaft 2003"]
[Site "Kassel GER"]
[Date "2003.10.20"]
[Round "3"]
[White "Wetzel, Carmen"]
[Black "Stellfeld, Tilman"]
[Result "1/2-1/2"]
[Termination "normal"]
[Board "5.7"]
[WhiteElo "1409"]
[BlackElo "1210"]
[WhiteTeam "Hessen 3"]
[BlackTeam "Hamburg"]
[PlyCount "100"]
[BlackFideId "24651311"]
[EventCountry "GER"]
[EventRounds "7"]
[EventType "team-swiss"]
[EventDate "2003.10.18"]

1. e4 c5 2. Nf3 e6 3. d4 cxd4 4. Nxd4 a6 5. Bd3 Qc7 6. c4 Nf6 7. Nc3 Bc5 8. Nb3
Bb4 9. Bd2 Nc6 10. a3 Be7 11. Be3 Ne5 12. Bf4 Nxd3+ 13. Qxd3 Qxf4 14. O-O Ng4
15. g3 Qh6 16. h4 Bxh4 17. Qd2 Bg5 18. f4 Be7 19. Qe2 Nf6 20. Nd2 Bc5+ 21. Kg2
g6 22. b4 Bd4 23. Qd3 Bxc3 24. Qxc3 Qg7 25. Nb3 h5 26. Rh1 b6 27. e5 Bb7+ 28.
Kh3 Ng4 29. Rhf1 Be4 30. Rad1 Bf5 31. Kg2 Rd8 32. c5 bxc5 33. Nxc5 d6 34. Nxa6
O-O 35. Rfe1 d5 36. a4 Be4+ 37. Kg1 Rc8 38. Nc5 Rc7 39. Qb3 Bf5 40. a5 Rb8 41.
Na6 Bc2 42. Qa3 Bxd1 43. Nxc7 Bf3 44. b5 Qf8 45. Qxf3 Qc5+ 46. Kg2 Qxc7 47. b6
Qc2+ 48. Re2 Qa4 49. Qc3 Qe8 50. Rb2 Rc8 1/2-1/2

[Event "Deutsche Ländermeisterschaft 2003"]
[Site "Kassel GER"]
[Date "2003.10.20"]
[Round "3"]
[White "Garny, Annica"]
[Black "Schmucklermann, Alexandra"]
[Result "1-0"]
[Termination "normal"]
[Board "5.8"]
[WhiteElo "1025"]
[BlackElo "846"]
[WhiteTeam "Hamburg"]
[BlackTeam "Hessen 3"]
[PlyCount "47"]
[WhiteFideId "24600660"]
[EventCountry "GER"]
[EventRounds "7"]
[EventType "team-swiss"]
[EventDate "2003.10.18"]

1. e4 c5 2. Nc3 g6 3. f4 Nc6 4. Nf3 Bg7 5. Bc4 e6 6. d3 Nge7 7. O-O O-O 8. Qe1
d5 9. Bb3 Qb6 10. Na4 Qb4 11. Bd2 Qb5 12. c4 dxc4 13. dxc4 Qa6 14. f5 exf5 15.
Qh4 b6 16. Bh6 Rd8 17. Bxg7 Kxg7 18. Ng5 Rh8 19. Rae1 Be6 20. e5 Bxc4 21. Bxc4
Qxa4 22. Ne6+ Kg8 23. Qf6 fxe6 24. Bxe6# 1-0

[Event "Deutsche Ländermeisterschaft 2003"]
[Site "Kassel GER"]
[Date "2003.10.20"]
[Round "3"]
[White "Schaffer, Hendrik"]
[Black "Leisner, Hannes"]
[Result "1-0"]
[Termination "normal"]
[Board "6.1"]
[WhiteElo "2215"]
[BlackElo "1994"]
[WhiteTeam "Hessen 1"]
[BlackTeam "Mecklenburg-Vorpommern"]
[PlyCount "79"]
[WhiteFideId "4663080"]
[BlackFideId "4692705"]
[EventCountry "GER"]
[EventRounds "7"]
[EventType "team-swiss"]
[EventDate "2003.10.18"]

1. d4 d5 2. Nf3 Nc6 3. Bf4 Bg4 4. e3 e6 5. c4 Bb4+ 6. Nc3 Nf6 7. a3 Bxc3+ 8.
bxc3 O-O 9. Bd3 Re8 10. cxd5 exd5 11. Qc2 Na5 12. Ne5 Bh5 13. Bg5 Bg6 14. Ng4
Nc4 15. Nxf6+ gxf6 16. Bh6 Qd6 17. O-O Nxa3 18. Qe2 Bxd3 19. Qxd3 Nc4 20. Bf4
Qd7 21. Rae1 c6 22. e4 Qg4 23. exd5 cxd5 24. Bc1 Re6 25. h3 Qg6 26. Qf3 Rae8
27. Rd1 Re4 28. g3 f5 29. Bf4 a5 30. Ra1 Qe6 31. Kh2 Ra8 32. Rfb1 b6 33. Ra2
Qc6 34. Qh5 Qg6 35. Qd1 Re7 36. Qf3 Qe6 37. Bg5 Qe4 38. Qh5 Re6 39. Rd1 Rc8 40.
f3 1-0

[Event "Deutsche Ländermeisterschaft 2003"]
[Site "Kassel GER"]
[Date "2003.10.20"]
[Round "3"]
[White "Zentgraf, Robert"]
[Black "Bravo Lutz, Sebastian"]
[Result "1/2-1/2"]
[Termination "normal"]
[Board "6.2"]
[WhiteElo "2083"]
[BlackElo "2186"]
[WhiteTeam "Mecklenburg-Vorpommern"]
[BlackTeam "Hessen 1"]
[PlyCount "88"]
[WhiteFideId "4676483"]
[BlackFideId "4671082"]
[EventCountry "GER"]
[EventRounds "7"]
[EventType "team-swiss"]
[EventDate "2003.10.18"]

1. e4 c5 2. Nf3 Nc6 3. d4 cxd4 4. Nxd4 g6 5. Nc3 Bg7 6. Be3 Nf6 7. Bc4 O-O 8.
Bb3 d6 9. f3 Bd7 10. Qd2 Nxd4 11. Bxd4 b5 12. h4 a5 13. a3 b4 14. Nd5 Nxd5 15.
Bxd5 Bxd4 16. Qxd4 Rb8 17. h5 g5 18. h6 e5 19. Qd2 bxa3 20. b3 Kh8 21. Rxa3 a4
22. b4 Qf6 23. c4 Rg8 24. g4 Rg6 25. b5 Rxh6 26. Rxh6 Qxh6 27. Bxf7 Qh1+ 28.
Ke2 Rf8 29. Bh5 Qg2+ 30. Ke1 Qg1+ 31. Ke2 Qg2+ 32. Ke1 Qg1+ 33. Ke2 Qc5 34. Qa2
Be6 35. Rxa4 Rc8 36. Qb3 Qd4 37. Qe3 Bxc4+ 38. Kf2 Qxe3+ 39. Kxe3 Bxb5 40. Ra7
Rc3+ 41. Kf2 Rc2+ 42. Kg3 Bc6 43. Rf7 Kg8 44. Rf5 h6 1/2-1/2

[Event "Deutsche Ländermeisterschaft 2003"]
[Site "Kassel GER"]
[Date "2003.10.20"]
[Round "3"]
[White "Rohde, Torsten"]
[Black "Janotta, Steffi"]
[Result "1-0"]
[Termination "normal"]
[Board "6.3"]
[WhiteElo "2102"]
[BlackElo "1766"]
[WhiteTeam "Hessen 1"]
[BlackTeam "Mecklenburg-Vorpommern"]
[PlyCount "37"]
[WhiteFideId "4665007"]
[BlackFideId "4696344"]
[EventCountry "GER"]
[EventRounds "7"]
[EventType "team-swiss"]
[EventDate "2003.10.18"]

1. e4 d5 2. exd5 Qxd5 3. Nc3 Qa5 4. Bc4 c6 5. d3 Bf5 6. Bd2 e6 7. Qe2 Bd6 8.
O-O-O Qc7 9. g4 Bg6 10. h4 h6 11. Re1 Ne7 12. Nh3 Nd7 13. h5 Bh7 14. g5 hxg5
15. Nxg5 Ne5 16. Bxe6 fxe6 17. Nxe6 Qb6 18. Bf4 Bxd3 19. cxd3 1-0

[Event "Deutsche Ländermeisterschaft 2003"]
[Site "Kassel GER"]
[Date "2003.10.20"]
[Round "3"]
[White "Rittemann, Steffen"]
[Black "Sohl, Jan"]
[Result "0-1"]
[Termination "normal"]
[Board "6.4"]
[WhiteElo "1588"]
[BlackElo "1847"]
[WhiteTeam "Mecklenburg-Vorpommern"]
[BlackTeam "Hessen 1"]
[PlyCount "76"]
[WhiteFideId "24620009"]
[BlackFideId "4698070"]
[EventCountry "GER"]
[EventRounds "7"]
[EventType "team-swiss"]
[EventDate "2003.10.18"]

1. e4 c5 2. c4 Nc6 3. Nf3 e5 4. Nc3 g6 5. Be2 Bg7 6. O-O Nge7 7. a3 O-O 8. Rb1
a5 9. d3 f5 10. Bd2 d6 11. Nd5 Nd4 12. Nxd4 cxd4 13. Bg5 Rf7 14. Nxe7+ Rxe7 15.
b4 h6 16. Bxe7 Qxe7 17. Qb3 a4 18. Qb2 Bd7 19. Rfc1 fxe4 20. dxe4 Rf8 21. c5
Qh4 22. Bc4+ Kh7 23. Bd5 Bf6 24. cxd6 Bd8 25. Bxb7 Bb6 26. Rc5 Qf6 27. Rd5 h5
28. Rf1 h4 29. Kh1 h3 30. f3 Qf4 31. Qc1 hxg2+ 32. Kxg2 Qh4 33. Qd1 Qh3+ 34.
Kg1 d3+ 35. Kh1 Be3 36. Qxd3 Rxf3 37. Ba6 Bf4 38. Qe2 Rxf1+ 0-1

[Event "Deutsche Ländermeisterschaft 2003"]
[Site "Kassel GER"]
[Date "2003.10.20"]
[Round "3"]
[White "Wolk, Friederike"]
[Black "Stemmler, Lysan"]
[Result "1-0"]
[Termination "normal"]
[Board "6.5"]
[WhiteElo "1997"]
[BlackElo "1686"]
[WhiteTeam "Hessen 1"]
[BlackTeam "Mecklenburg-Vorpommern"]
[PlyCount "83"]
[WhiteFideId "4693400"]
[BlackFideId "24622451"]
[EventCountry "GER"]
[EventRounds "7"]
[EventType "team-swiss"]
[EventDate "2003.10.18"]

1. e4 d6 2. d4 Nf6 3. Nc3 g6 4. f3 c6 5. Be3 Nbd7 6. Qd2 b5 7. Bd3 Qa5 8. Nge2
Rb8 9. Kf2 c5 10. Bxb5 Rxb5 11. Nxb5 Qxb5 12. a4 Qc6 13. b4 cxb4 14. Qxb4 Bg7
15. Qb5 Qc7 16. Ra3 O-O 17. Rc3 Qd8 18. Rb1 a6 19. Qc6 h6 20. Nc1 Nh7 21. Nd3
Qa5 22. Rcb3 Qh5 23. Kg1 f5 24. Nf4 Qg5 25. Ne6 Qf6 26. Nxf8 Qxf8 27. Rc3 Nc5
28. Rb8 Qf6 29. Qxc8+ Nf8 30. e5 Qh4 31. g3 Qh5 32. dxc5 Qxf3 33. cxd6 exd6 34.
Qc6 Qd1+ 35. Kf2 Bxe5 36. Rd3 Qh5 37. Qd5+ Kg7 38. Rb7+ Kh8 39. Qf7 Qxh2+ 40.
Kf1 Qh3+ 41. Ke2 Qg2+ 42. Bf2 1-0

[Event "Deutsche Ländermeisterschaft 2003"]
[Site "Kassel GER"]
[Date "2003.10.20"]
[Round "3"]
[White "Friedrich, Paul-Robert"]
[Black "Brethauer, Sarah"]
[Result "1-0"]
[Termination "normal"]
[Board "6.6"]
[WhiteElo "1580"]
[BlackElo "1889"]
[WhiteTeam "Mecklenburg-Vorpommern"]
[BlackTeam "Hessen 1"]
[PlyCount "61"]
[WhiteFideId "24616036"]
[BlackFideId "24605220"]
[EventCountry "GER"]
[EventRounds "7"]
[EventType "team-swiss"]
[EventDate "2003.10.18"]

1. d4 d5 2. c4 e6 3. Nf3 Nf6 4. Bg5 Nbd7 5. e3 c6 6. Nc3 Qa5 7. Nd2 Bb4 8. Bxf6
Nxf6 9. Qc2 Ne4 10. Ncxe4 dxe4 11. a3 f5 12. Rc1 Be7 13. Qc3 Qc7 14. b4 O-O 15.
c5 Bd7 16. Bc4 Rf6 17. f4 Rg6 18. Kf2 Rf8 19. Bb3 Bf6 20. Nc4 Rd8 21. Ne5 Bxe5
22. dxe5 h5 23. Rcd1 Kf7 24. Rd6 Rh6 25. Rhd1 Rhh8 26. Qe1 Ke7 27. Kg1 h4 28.
g3 h3 29. g4 g6 30. Qg3 Bc8 31. gxf5 1-0